|
|
|
|
| LEADER |
02026cam a2200529 a 4500 |
| 001 |
nkc20081818369 |
| 003 |
CZ PrNK |
| 005 |
20160318154853.0 |
| 007 |
ta |
| 008 |
080908s2007 xr ab e f 001 0 cze d |
| 015 |
|
|
|a cnb001818369
|
| 020 |
|
|
|a 978-80-204-1748-0
|q (váz.)
|
| 035 |
|
|
|a (OCoLC)294935160
|
| 040 |
|
|
|a KLG001
|b cze
|d BOA001
|d ABA001
|
| 041 |
1 |
|
|a cze
|h eng
|
| 072 |
|
7 |
|a 56
|x Paleontologie
|2 Konspekt
|9 7
|
| 080 |
|
|
|a 569.61
|2 MRF
|
| 080 |
|
|
|a 56:574
|2 MRF
|
| 080 |
|
|
|a 551.793
|2 MRF
|
| 080 |
|
|
|a 903.2
|2 MRF
|
| 080 |
|
|
|a (0.062)
|2 MRF
|
| 100 |
1 |
|
|a Lister, Adrian
|7 xx0083115
|4 aut
|
| 245 |
1 |
0 |
|a Mamuti :
|b obři doby ledové /
|c Adrian Lister a Paul Bahn ; upravené vydání, předmluva Jean M. Auelová ; [z anglického originálu ... přeložil Oldřich Fejfar]
|
| 246 |
3 |
0 |
|a Obři doby ledové - mamuti
|
| 250 |
|
|
|a 1. vyd.
|
| 260 |
|
|
|a Praha :
|b Mladá fronta,
|c 2007
|
| 300 |
|
|
|a 192 s. :
|b il. (převážně barev.), mapy ;
|c 28 cm
|
| 504 |
|
|
|a Obsahuje bibliografii a rejstřík
|
| 650 |
0 |
7 |
|a mamuti
|7 ph376360
|2 czenas
|
| 650 |
0 |
7 |
|a paleoekologie
|7 ph115646
|2 czenas
|
| 650 |
0 |
7 |
|a doba ledová
|7 ph138117
|2 czenas
|
| 650 |
0 |
7 |
|a archeologické nálezy
|7 ph137683
|2 czenas
|
| 650 |
0 |
9 |
|a mammoths
|2 eczenas
|
| 650 |
0 |
9 |
|a paleoecology
|2 eczenas
|
| 650 |
0 |
9 |
|a glacial epoch
|2 eczenas
|
| 650 |
0 |
9 |
|a archaeological monuments
|2 eczenas
|
| 655 |
|
7 |
|a populárně-naučné publikace
|7 fd131864
|2 czenas
|
| 655 |
|
9 |
|a popular works
|2 eczenas
|
| 700 |
1 |
|
|a Bahn, Paul G.,
|d 1953-
|7 jn20000600608
|4 aut
|
| 765 |
0 |
|
|t Mammoths - giants of the ice age
|9 Česky
|
| 856 |
4 |
1 |
|u http://www.digitalniknihovna.cz/mzk/uuid/uuid:6ff8a950-e366-11ed-b90f-005056827e52
|y Digitalizovaný dokument
|x NDK
|
| 910 |
2 |
|
|a BOA001
|b 3-1213.397
|
| 990 |
|
|
|a BK
|
| 995 |
|
|
|a 01
|
| 991 |
|
|
|b 200811
|c NOV
|
| 996 |
6 |
|
|b 2610359463
|c 3-1213.397
|l MZK
|r Sklad / do 1 hodiny
|n 0
|p p.v.
|w 000920410
|u 000010
|a 1
|e BOA001
|j MZK50
|s P
|
| 996 |
7 |
|
|b 2610359464
|c 3-1213.397
|l MZK
|r Sklad / do 1 hodiny
|n 5
|p kup
|w 000920410
|u 000020
|a 1
|e BOA001
|j MZK50
|s A
|